Capitales d'Europe a l'aveugle - Statistiques

Statistiques générales
  • Ce quiz a été pris 191 fois
  • Le résultat moyen est 35 sur 45
Statistiques - réponses
Pays Capitale % Correct
France Paris
97%
Espagne Madrid
95%
Portugal Lisbonne
94%
Royaume-Uni Londres
94%
Allemagne Berlin
92%
Italie Rome
92%
Irlande Dublin
89%
Norvège Oslo
89%
Luxembourg Luxembourg
87%
Suisse Berne
86%
Russie Moscou
86%
Grèce Athènes
85%
Pays-Bas Amsterdam
84%
Belgique Bruxelles
84%
Hongrie Budapest
84%
Danemark Copenhague
84%
Finlande Helsinki
84%
Autriche Vienne
84%
Suède Stockholm
83%
Roumanie Bucarest
82%
Pologne Varsovie
82%
Ukraine Kiev
81%
Bulgarie Sofia
81%
Andorre Andorre-la-Vieille
79%
Cité du Vatican Vatican
79%
Croatie Zagreb
77%
Monaco Monaco
75%
République tchèque Prague
75%
Saint-Marin Saint-Marin
75%
Lettonie Riga
74%
Malte La Valette
73%
Islande Reykjavik
72%
Biélorussie Minsk
69%
Bosnie-Herzégovine Sarajevo
69%
Lituanie Vilnius
69%
Slovaquie Bratislava
67%
Slovénie Ljubljana
67%
Estonie Tallinn
66%
Albanie Tirana
66%
Liechtenstein Vaduz
63%
Serbie Belgrade
61%
Macédoine du Nord Skopje
59%
Kosovo Pristina
57%
Moldavie Chișinău
53%
Monténégro Podgorica
53%
Aucun quiz correspondant
Distribution des résultats
% des personnes avec chaque résultat
Percentile par nombre de réponses
Votre historique - résultats
Vous n’avez pas pris ce quiz